Govt. of
Madhya Pradesh

Companies Act with Referencer & Checklist (Record no. 34439)

MARC details
000 -LEADER
fixed length control field 004660000a22001810004500
003 - CONTROL NUMBER IDENTIFIER
control field MACL
005 - DATE AND TIME OF LATEST TRANSACTION
control field 20160101123916.0
008 - FIXED-LENGTH DATA ELEMENTS--GENERAL INFORMATION
fixed length control field 160101b xxu||||| |||| 00| 0 eng d
040 ## - CATALOGING SOURCE
Original cataloging agency MACL
Transcribing agency MACL
041 ## - LANGUAGE CODE
Language code of text/sound track or separate title English
082 ## - DEWEY DECIMAL CLASSIFICATION NUMBER
Classification number 346.05/PUL
100 ## - MAIN ENTRY--PERSONAL NAME
Personal name Puliani, Ravi
9 (RLIN) 26267
245 ## - TITLE STATEMENT
Title Companies Act with Referencer & Checklist
260 ## - PUBLICATION, DISTRIBUTION, ETC. (IMPRINT)
Name of publisher, distributor, etc. Bharat Law House P Ltd
Date of publication, distribution, etc. 1988
Place of publication, distribution, etc. New Delhi
350 ## - PRICE (NR) (BK AM CF MU VM SE) [OBSOLETE]
Price 50
650 ## - SUBJECT ADDED ENTRY--TOPICAL TERM
Topical term or geographic name as entry element Law
9 (RLIN) 26268
942 ## - ADDED ENTRY ELEMENTS (KOHA)
Koha item type Books
Call number prefix 346.066/PUL
Source of classification or shelving scheme
Holdings
Withdrawn status Lost status Source of classification or shelving scheme Damaged status Not for loan Home library Current library Date acquired Total Checkouts Full call number Barcode Date last seen Uniform Resource Identifier Price effective from Koha item type
          MACL MACL 15/04/2015   346.066/PUL CLE017468 29/04/2015 34643 15/04/2015 Books